000
00308nam a22001337a 4500
020
_a
978-81-8363-134-1
082
_a
158
_b
HIL/T
100
_a
HILL,NAPOLEON
245
_a
THINK & GROW RICH
260
_a
NEW DELHI
_b
ADARSH BOOKS
300
_a
275
650
_a
PERSONALITY DEVELOPMENT
_z
NEW DELHI
942
_c
BK
999
_c
5333
_d
5333